[Event "Vilafranca del Penedes op 10th"]
[Site "Vilafranca del Penedes"]
[Date "2016.04.01"]
[Round "1.2"]
[White "Toledano Luna, Pedro"]
[Black "Illescas Segura, Marcel"]
[Result "1-0"]
[WhiteElo "2370"]
[BlackElo "1887"]
[PlyCount "47"]
[EventDate "2016.04.01"]
[EventType "swiss"]
[EventRounds "8"]
[EventCountry "ESP"]
[SourceTitle "EXT 2024"]
[Source "ChessBase"]
[SourceDate "2023.10.10"]
[SourceVersion "1"]
[SourceVersionDate "2023.10.10"]
[SourceQuality "1"]

1. c4 Nf6 2. g3 Nc6 3. Bg2 e5 4. Nc3 Rb8 5. d3 Be7 6. e4 b6 7. Nge2 d6 8. 0-0 Bg4 9. h3 Bd7 10. Be3 Qc8 11. Kh2 h5 12. Qd2 Nh7 13. Nd5 Bd8 14. f4 exf4 15. Nexf4 Ng5 16. Ng6 Rh6 17. Nh4 f6 18. Nf5 Bxf5 19. Rxf5 Ne5 20. Raf1 Rg6 21. Qe2 c6 22. Qxh5 Ngf7 23. d4 cxd5 24. dxe5 1-0

[Event "Barcelona Vila de Gracia Seniors 55+ op"]
[Site "Barcelona"]
[Date "2014.03.31"]
[Round "3"]
[White "Monedero Gonzalez, Josep"]
[Black "Illescas Segura, Marcel"]
[Result "1-0"]
[WhiteElo "2176"]
[BlackElo "1851"]
[PlyCount "63"]
[EventDate "2014.03.17"]
[EventType "swiss"]
[EventRounds "8"]
[EventCountry "ESP"]
[SourceTitle "EXT 2015"]
[Source "ChessBase"]
[SourceDate "2014.11.20"]
[SourceVersion "1"]
[SourceVersionDate "2014.11.20"]
[SourceQuality "1"]

1. d4 Nf6 2. c4 e5 3. dxe5 Ng4 4. Nf3 Nc6 5. a3 Ncxe5 6. Nxe5 Nxe5 7. e4 c6 8. Be2 Be7 9. 0-0 0-0 10. Nc3 d6 11. Be3 Be6 12. b3 f5 13. f4 Nf7 14. exf5 Bxf5 15. Bf3 Qa5 16. b4 Qc7 17. Rc1 Rad8 18. Qd2 Nh6 19. h3 Be6 20. Ne2 Nf5 21. Bf2 Rf6 22. Rfe1 Rg6 23. Kh2 Rh6 24. Nd4 Nxd4 25. Qxd4 c5 26. Qe4 d5 27. cxd5 Rxd5 28. Qxe6+ Rxe6 29. Bxd5 Qxf4+ 30. Bg3 Qh6 31. Rxe6 Qxc1 32. Re1+ 1-0

[Event "Vilafranca del Penedes op 6th"]
[Site "Vilafranca del Penedes"]
[Date "2012.04.13"]
[Round "1"]
[White "Illescas Segura, Marcel"]
[Black "Rafols Albet, Josep"]
[Result "0-1"]
[WhiteElo "1630"]
[BlackElo "2087"]
[PlyCount "112"]
[EventDate "2012.04.13"]
[EventType "swiss"]
[EventRounds "8"]
[EventCountry "ESP"]
[SourceTitle "CBM 148 Extra"]
[Source "ChessBase"]
[SourceDate "2012.06.22"]
[SourceVersion "1"]
[SourceVersionDate "2012.06.22"]
[SourceQuality "1"]

1. e4 e5 2. Nf3 Nf6 3. d4 exd4 4. Bg5 Bb4+ 5. Nbd2 0-0 6. Nxd4 h6 7. Bxf6 Qxf6 8. c3 d5 9. Be2 Bc5 10. N4f3 Qb6 11. 0-0 Be6 12. b4 Be7 13. Nd4 Bf6 14. exd5 Bxd5 15. Nf5 Be6 16. Nc4 Bxc4 17. Bxc4 Bxc3 18. Ne7+ Kh8 19. Bxf7 g5 20. Ng6+ Kg7 21. Nxf8 Bxa1 22. Qxa1+ Kxf7 23. Re1 Na6 24. Nd7 Qd6 25. Rd1 Qe6 26. g3 Re8 27. a3 Re7 28. Qd4 c5 29. bxc5 Nc7 30. f4 Qe3+ 31. Kg2 Qe2+ 32. Kg1 Qe3+ 33. Qxe3 Rxe3 34. Ne5+ Ke8 35. Rd6 gxf4 36. gxf4 Rxa3 37. Rxh6 Rb3 38. c6 bxc6 39. Nxc6 Nd5 40. f5 Rb6 41. Re6+ Kf7 42. h4 a5 43. Rd6 Rb1+ 44. Kf2 Nc3 45. Nxa5 Ne4+ 46. Ke3 Nxd6 47. Kf4 Rb6 48. Kg5 Ke7 49. Kg6 Nc4+ 50. Kg7 Nxa5 51. h5 Rb5 52. f6+ Ke6 53. Kg6 Nc6 54. h6 Ne5+ 55. Kg7 Rb7+ 56. Kg8 Kxf6 0-1